[Event "2. Bundesliga Ost 2008/2009"]
[Site "3-5.10.Bruck,22-23.11.Poechlarn,17-18.1.Wr.Neust,28
[Date "2008.11.22"]
[Round "4"]
[Board "2"]
[White "Plachetka, Jan"]
[Black "Ganaus, Hannes"]
[Result "0-1"]
[WhiteElo "2406"]
[BlackElo "2275"]
[PlyCount "52"]
[EventDate "2008.10.03"]
[EventType "team"]
[EventRounds "11"]
[EventCountry "AUT"]
[WhiteTeam "Austria Wien"]
[BlackTeam "Spg Data Technlogy Eichgraben/P."]

1.d4 Nf6 2.Nf3 e6 3.c4 c5 4.d5 b5 5.Bg5 b4 6.e4 d6 7.Bd3 Be7 8.O-O O-O 9.dxe6
Bxe6 10.e5 dxe5 11.Bxf6 Bxf6 12.Be4 Nd7 13.Bxa8 Qxa8 14.Qc2 e4 15.Nfd2 Bf5
16.Re1 g6 17.g4 e3 18.gxf5 exf2+ 19.Kxf2 Bh4+ 20.Kg1 Bxe1 21.Qe4 Qxe4 22.Nxe4
Re8 23.Nd6 Re3 24.Kf1 Bh4 25.Nd2 Rd3 26.N2e4 gxf5

[Event "2. Bundesliga Ost 2008/2009"]
[Site "3-5.10.Bruck,22-23.11.Poechlarn,17-18.1.Wr.Neust,28
[Date "2008.11.22"]
[Round "4"]
[Board "3"]
[White "Neumeier, Klaus"]
[Black "Hangweyrer, Manfred"]
[Result "1/2-1/2"]
[WhiteElo "2319"]
[BlackElo "2338"]
[PlyCount "20"]
[EventDate "2008.10.03"]
[EventType "team"]
[EventRounds "11"]
[EventCountry "AUT"]
[WhiteTeam "Spg Data Technlogy Eichgraben/P."]
[BlackTeam "Austria Wien"]

1.e4 d6 2.d4 Nf6 3.Nc3 e5 4.Nf3 Nbd7 5.Bc4 Be7 6.O-O O-O 7.Re1 a6 8.dxe5 Nxe5
9.Nxe5 dxe5 10.Nd5 Nxd5

[Event "2. Bundesliga Ost 2008/2009"]
[Site "3-5.10.Bruck,22-23.11.Poechlarn,17-18.1.Wr.Neust,28
[Date "2008.11.22"]
[Round "4"]
[Board "5"]
[White "Pichler, Michael"]
[Black "Rogetzer, Klaus"]
[Result "1/2-1/2"]
[WhiteElo "2166"]
[BlackElo "2091"]
[PlyCount "51"]
[EventDate "2008.10.03"]
[EventType "team"]
[EventRounds "11"]
[EventCountry "AUT"]
[WhiteTeam "Spg Data Technlogy Eichgraben/P."]
[BlackTeam "Austria Wien"]

1.e4 c6 2.d4 d5 3.e5 c5 4.dxc5 Nc6 5.Bb5 e6 6.Nf3 Bd7 7.Bxc6 Bxc6 8.O-O Bxc5
9.c3 a5 10.Re1 Ne7 11.Be3 Bxe3 12.Rxe3 Nf5 13.Re1 O-O 14.Nd4 Qg5 15.Nxf5 Qxf5
16.Na3 f6 17.Qd4 b5 18.Rac1 Rac8 19.Nb1 Bd7 20.Nd2 fxe5 21.Rxe5 Qf4 22.Qxf4 Rxf4
23.Ree1 Ra4 24.a3 b4 25.Nb1 bxa3 26.Nxa3

[Event "2. Bundesliga Ost 2008/2009"]
[Site "3-5.10.Bruck,22-23.11.Poechlarn,17-18.1.Wr.Neust,28
[Date "2008.11.22"]
[Round "4"]
[Board "6"]
[White "Steiner, Johann"]
[Black "Mayr, Thomas"]
[Result "1/2-1/2"]
[WhiteElo "2054"]
[BlackElo "2120"]
[PlyCount "22"]
[EventDate "2008.10.03"]
[EventType "team"]
[EventRounds "11"]
[EventCountry "AUT"]
[WhiteTeam "Austria Wien"]
[BlackTeam "Spg Data Technlogy Eichgraben/P."]

1.e4 e5 2.Nf3 Nc6 3.d4 exd4 4.Bc4 Nf6 5.O-O Nxe4 6.Re1 d5 7.Bxd5 Qxd5 8.Nc3 Qa5
9.Nxe4 Be6 10.Neg5 O-O-O 11.Nxe6 Nb8

[Event "2. Bundesliga Ost 2008/2009"]
[Site "3-5.10.Bruck,22-23.11.Poechlarn,17-18.1.Wr.Neust,28
[Date "2008.11.22"]
[Round "4"]
[Board "1"]
[White "Farago, Ivan"]
[Black "Polak, Thomas"]
[Result "1/2-1/2"]
[WhiteElo "2489"]
[BlackElo "2553"]
[PlyCount "39"]
[EventDate "2008.10.03"]
[EventType "team"]
[EventRounds "11"]
[EventCountry "AUT"]
[WhiteTeam "ASVOE VHS Poechlarn"]
[BlackTeam "SV Stockerau"]

1.d4 Nf6 2.c4 e6 3.Nf3 Bb4+ 4.Bd2 a5 5.g3 b6 6.Bg2 Bb7 7.O-O O-O 8.Bf4 Be7 9.Nc3
Ne4 10.Na4 d6 11.Nd2 Nxd2 12.Bxb7 Ra7 13.Qxd2 Rxb7 14.e4 Nd7 15.Nc3 Re8 16.Be3
Nf8 17.Rad1 Qd7 18.Rfe1 Rbb8 19.Qc2 h6 20.Qa4

[Event "2. Bundesliga Ost 2008/2009"]
[Site "3-5.10.Bruck,22-23.11.Poechlarn,17-18.1.Wr.Neust,28
[Date "2008.11.22"]
[Round "4"]
[Board "2"]
[White "Chytilek, Roman"]
[Black "Kostic, Vladimir"]
[Result "1/2-1/2"]
[WhiteElo "2394"]
[BlackElo "2422"]
[PlyCount "82"]
[EventDate "2008.10.03"]
[EventType "team"]
[EventRounds "11"]
[EventCountry "AUT"]
[WhiteTeam "SV Stockerau"]
[BlackTeam "ASVOE VHS Poechlarn"]

1.e4 e6 2.d4 d5 3.Nd2 dxe4 4.Nxe4 Nd7 5.g3 Ngf6 6.Nxf6+ Nxf6 7.Bg2 c5 8.Nf3 cxd4
9.Qxd4 Qxd4 10.Nxd4 a6 11.O-O Bd6 12.Nb3 Rb8 13.Be3 b6 14.Rfd1 Be5 15.Nd4 Bd7
16.Nc6 Bxc6 17.Bxc6+ Ke7 18.c3 Rhc8 19.Bf3 h6 20.Rd3 Rd8 21.Rxd8 Kxd8 22.a4 a5
23.Re1 Bd6 24.Bd4 Ke7 25.Rd1 e5 26.Re1 Kd7 27.Be3 Kc7 28.Rd1 Bc5 29.Bd2 Rd8
30.b4 Be7 31.Be1 Bd6 32.Be2 Nd7 33.Rb1 Ra8 34.Bb5 f5 35.f3 Nf6 36.Bf2 g5 37.Kg2
g4 38.fxg4 Nxg4 39.Bg1 f4 40.bxa5 bxa5 41.Be2 Ne3+

[Event "2. Bundesliga Ost 2008/2009"]
[Site "3-5.10.Bruck,22-23.11.Poechlarn,17-18.1.Wr.Neust,28
[Date "2008.11.22"]
[Round "4"]
[Board "3"]
[White "Rumpl, Erwin"]
[Black "Groetz, Harald"]
[Result "1-0"]
[WhiteElo "2310"]
[BlackElo "2376"]
[PlyCount "85"]
[EventDate "2008.10.03"]
[EventType "team"]
[EventRounds "11"]
[EventCountry "AUT"]
[WhiteTeam "ASVOE VHS Poechlarn"]
[BlackTeam "SV Stockerau"]

1.Nf3 d5 2.d4 Nf6 3.c4 c6 4.Nc3 dxc4 5.e3 b5 6.a4 b4 7.Na2 a5 8.Bxc4 e6 9.O-O
Nbd7 10.Bd2 Bb7 11.Nc1 c5 12.Nb3 Ne4 13.Bb5 Ba6 14.Bxa6 Rxa6 15.Qe2 Ra7 16.Rfd1
Be7 17.Rac1 O-O 18.dxc5 Nexc5 19.Nxc5 Bxc5 20.e4 Qb6 21.b3 Rb7 22.Bf4 Nf6 23.Ne5
Bd4 24.Nc4 Qa7 25.Nd6 Rd7 26.Nb5 Qb6 27.Bc7 Rxc7 28.Rxc7 Be5 29.Rc4 h5 30.h3 g6
31.Qe3 Qxe3 32.fxe3 h4 33.Na7 Ra8 34.Nc6 Bc3 35.Rd8+ Rxd8 36.Nxd8 Nd7 37.Nb7 Ne5
38.Rc8+ Kg7 39.Nxa5 Nd3 40.Kf1 Nc1 41.Rd8 Kf6 42.Rd1 Na2 43.Nc6

[Event "2. Bundesliga Ost 2008/2009"]
[Site "3-5.10.Bruck,22-23.11.Poechlarn,17-18.1.Wr.Neust,28
[Date "2008.11.22"]
[Round "4"]
[Board "4"]
[White "Schmid, Thomas"]
[Black "Weinzettl, Ernst"]
[Result "0-1"]
[WhiteElo "2172"]
[BlackElo "2249"]
[PlyCount "60"]
[EventDate "2008.10.03"]
[EventType "team"]
[EventRounds "11"]
[EventCountry "AUT"]
[WhiteTeam "SV Stockerau"]
[BlackTeam "ASVOE VHS Poechlarn"]

1.e4 e6 2.d4 d5 3.Nd2 Be7 4.Bd3 c5 5.dxc5 Nf6 6.Qe2 O-O 7.Ngf3 a5 8.O-O a4 9.c3
Nbd7 10.e5 Nh5 11.Bc2 Nf4 12.Qe3 Ng6 13.Bxg6 hxg6 14.Nd4 Nxc5 15.f4 Qb6 16.Rb1
Bd7 17.Rf3 Bb5 18.Nxb5 Qxb5 19.Kh1 Rfd8 20.Nf1 Qc4 21.Ra1 d4 22.cxd4 Rxd4 23.Bd2
Qd5 24.Qe2 Rd8 25.Be3 Rd1 26.Rxd1 Qxd1 27.Qc4 Qd3 28.Qxd3 Nxd3 29.b3 a3 30.Kg1
Rc8

[Event "2. Bundesliga Ost 2008/2009"]
[Site "3-5.10.Bruck,22-23.11.Poechlarn,17-18.1.Wr.Neust,28
[Date "2008.11.22"]
[Round "4"]
[Board "5"]
[White "Mittermayr, Gerhard"]
[Black "Sadilek, Maximilian"]
[Result "0-1"]
[WhiteElo "2175"]
[BlackElo "2164"]
[PlyCount "112"]
[EventDate "2008.10.03"]
[EventType "team"]
[EventRounds "11"]
[EventCountry "AUT"]
[WhiteTeam "ASVOE VHS Poechlarn"]
[BlackTeam "SV Stockerau"]

1.e4 c5 2.Nf3 Nc6 3.d4 cxd4 4.Nxd4 Nf6 5.Nc3 e5 6.Ndb5 d6 7.Bg5 a6 8.Na3 b5
9.Nd5 Be7 10.Bxf6 Bxf6 11.c3 Ne7 12.Nc2 Nxd5 13.Qxd5 Rb8 14.Qc6+ Ke7 15.Nb4 Bb7
16.Nd5+ Kf8 17.Qc7 Bxd5 18.Qxd8+ Bxd8 19.exd5 a5 20.b3 b4 21.c4 Bb6 22.Bd3 Bd4
23.Rd1 Bc3+ 24.Ke2 Ke7 25.g4 Rhc8 26.h4 h6 27.Bf5 Rc7 28.g5 a4 29.gxh6 gxh6
30.Rdg1 axb3 31.axb3 Ra8 32.Bc2 Ra2 33.Rc1 Rca7 34.f3 Rb2 35.Rhg1 Raa2 36.Kd3
Kf6 37.Rg4 Be1 38.Re4 Bg3 39.Re2 Bxh4 40.Rb1 Rxb1 41.Bxb1 Rxe2 42.Kxe2 Kg5 43.c5
dxc5 44.Kd3 Kf4 45.d6 Kxf3 46.Kc4 e4 47.Kxc5 e3 48.Bd3 e2 49.Bxe2+ Kxe2 50.Kxb4
f5 51.Kc5 f4 52.b4 f3 53.b5 f2 54.b6 f1=Q 55.b7 Qf8 56.Kc6 h5

[Event "2. Bundesliga Ost 2008/2009"]
[Site "3-5.10.Bruck,22-23.11.Poechlarn,17-18.1.Wr.Neust,28
[Date "2008.11.22"]
[Round "4"]
[Board "6"]
[White "Amberger, Dieter"]
[Black "Posch, Roland"]
[Result "1/2-1/2"]
[WhiteElo "2104"]
[BlackElo "2052"]
[PlyCount "115"]
[EventDate "2008.10.03"]
[EventType "team"]
[EventRounds "11"]
[EventCountry "AUT"]
[WhiteTeam "SV Stockerau"]
[BlackTeam "ASVOE VHS Poechlarn"]

1.d4 Nf6 2.c4 e6 3.Nc3 d5 4.cxd5 exd5 5.Bg5 Nbd7 6.e3 c6 7.Bd3 Be7 8.Qc2 O-O
9.Nf3 Re8 10.O-O Nf8 11.h3 Ng6 12.Rab1 Ne4 13.Bxe7 Qxe7 14.b4 Bf5 15.Rfc1 a6
16.a4 Rac8 17.Bxe4 Bxe4 18.Nxe4 Qxe4 19.Qxe4 Rxe4 20.b5 axb5 21.Rxb5 Re7 22.Rxd5
Ra8 23.Rdc5 Rxa4 24.d5 Ne5 25.Nxe5 Rxe5 26.dxc6 Rxc5 27.Rxc5 bxc6 28.Rxc6 g6
29.g4 Kg7 30.Kg2 Rb4 31.Kg3 Ra4 32.Rd6 Rb4 33.Rd4 Rb5 34.h4 Ra5 35.Kf4 Rb5 36.f3
Ra5 37.e4 Ra1 38.Rd5 Ra6 39.Rd7 Rf6+ 40.Ke3 Ra6 41.e5 Ra3+ 42.Ke4 Ra1 43.Kf4
Ra4+ 44.Ke3 Kg8 45.Rd4 Ra5 46.Ke4 Ra1 47.Kf4 Rh1 48.Rd8+ Kg7 49.Rd7 Re1 50.h5
g5+ 51.Kf5 h6 52.Rd3 Re2 53.Rd4 Re3 54.f4 Rf3 55.Re4 Rf2 56.Ra4 Rf3 57.Rd4 Rf2
58.Re4

[Event "2. Bundesliga Ost 2008/2009"]
[Site "3-5.10.Bruck,22-23.11.Poechlarn,17-18.1.Wr.Neust,28
[Date "2008.11.22"]
[Round "4"]
[Board "1"]
[White "Timoscenko, Gennadij"]
[Black "Sommerbauer, Norbert"]
[Result "1-0"]
[WhiteElo "2481"]
[BlackElo "2471"]
[PlyCount "89"]
[EventDate "2008.10.03"]
[EventType "team"]
[EventRounds "11"]
[EventCountry "AUT"]
[WhiteTeam "1. Wr. Neustaedter SV"]
[BlackTeam "Raiffeisen Waehring"]

1.d4 Nc6 2.Nf3 d6 3.e4 Nf6 4.Nc3 Bg4 5.Be3 e6 6.h3 Bh5 7.d5 exd5 8.exd5 Bxf3
9.Qxf3 Ne5 10.Qe2 Be7 11.f4 Ned7 12.g4 Nb6 13.Bg2 O-O 14.g5 Nfd7 15.O-O-O Re8
16.h4 Bf8 17.Qf2 Rc8 18.b3 a5 19.a4 c5 20.Bh3 g6 21.Kb1 f5 22.gxf6 Qxf6 23.Be6+
Rxe6 24.dxe6 Qxc3 25.exd7 Nxd7 26.Qd2 Qf6 27.c4 Re8 28.Rhe1 Qf5+ 29.Qd3 Nf6
30.Qxf5 gxf5 31.Bd2 Rxe1 32.Bxe1 b6 33.h5 Kf7 34.Bh4 Be7 35.Bxf6 Kxf6 36.Rg1 Bf8
37.Kc2 Kf7 38.Kd3 Kf6 39.Ke3 Kf7 40.Rg5 Kf6 41.h6 Ke6 42.Rg8 Kf7 43.Rh8 Bxh6
44.Rb8 Bg7 45.Rb7+

[Event "2. Bundesliga Ost 2008/2009"]
[Site "3-5.10.Bruck,22-23.11.Poechlarn,17-18.1.Wr.Neust,28
[Date "2008.11.22"]
[Round "4"]
[Board "2"]
[White "Schneider-Zinner, Harald"]
[Black "Ligezinski, Martin"]
[Result "1-0"]
[WhiteElo "2394"]
[BlackElo "2203"]
[PlyCount "65"]
[EventDate "2008.10.03"]
[EventType "team"]
[EventRounds "11"]
[EventCountry "AUT"]
[WhiteTeam "Raiffeisen Waehring"]
[BlackTeam "1. Wr. Neustaedter SV"]

1.d4 e6 2.Nf3 f5 3.g3 Nf6 4.Bg2 Be7 5.c4 d6 6.O-O O-O 7.Nc3 Qe8 8.Qc2 Qh5 9.h3
a5 10.e4 e5 11.dxe5 dxe5 12.Nd5 Nxd5 13.cxd5 Bd6 14.exf5 Bxf5 15.Qb3 Bxh3 16.Ng5
Bg4 17.Ne6 Nd7 18.Be3 b6 19.Rac1 Nc5 20.Bxc5 a4 21.Qe3 bxc5 22.Nxf8 Rxf8 23.Rc4
Rf6 24.f3 Bd7 25.Rfc1 Qf7 26.Rxc5 Bxc5 27.Rxc5 Qg6 28.Rxc7 Qb1+ 29.Qc1 Qf5 30.g4
Qd3 31.Rxd7 Qd4+ 32.Kh2 Rh6+ 33.Kg3

[Event "2. Bundesliga Ost 2008/2009"]
[Site "3-5.10.Bruck,22-23.11.Poechlarn,17-18.1.Wr.Neust,28
[Date "2008.11.22"]
[Round "4"]
[Board "3"]
[White "Steiner, Adam"]
[Black "Bawart, Markus"]
[Result "0-1"]
[WhiteElo "2212"]
[BlackElo "2378"]
[PlyCount "108"]
[EventDate "2008.10.03"]
[EventType "team"]
[EventRounds "11"]
[EventCountry "AUT"]
[WhiteTeam "1. Wr. Neustaedter SV"]
[BlackTeam "Raiffeisen Waehring"]

1.e4 d5 2.exd5 Qxd5 3.Nc3 Qd6 4.d4 Nf6 5.Bc4 a6 6.Nge2 Qc6 7.Qd3 Qxg2 8.Rg1 Qxh2
9.Bf4 Qh3 10.Bxc7 Qxd3 11.Bxd3 Bg4 12.Nf4 Nbd7 13.Nfd5 e6 14.Ne3 Bf3 15.Rg3 Rc8
16.Be5 Bh5 17.f4 Bb4 18.Kd2 O-O 19.Rh1 Bg6 20.a3 Nxe5 21.dxe5 Bxc3+ 22.bxc3 Ne4+
23.Bxe4 Bxe4 24.Rhg1 Rfd8+ 25.Kc1 Bg6 26.R1g2 Rxc3 27.Kb2 Rc5 28.Nf1 Rdc8 29.c3
Rb5+ 30.Ka2 Kf8 31.Nd2 Ke7 32.Rf2 Rc6 33.Nb3 Bb1+ 34.Kb2 Be4 35.a4 Rbb6 36.Ka3
Bd5 37.Nd4 Rc4 38.f5 g6 39.f6+ Kd7 40.Rf1 Rc5 41.Rd1 Kc7 42.Rh3 h5 43.Rg1 Kd8
44.Rd1 Ke8 45.c4 Rxc4 46.a5 Rbb4 47.Nc2 Ra4+ 48.Kb2 Rxa5 49.Ne3 Rb4+ 50.Kc3 Rb3+
51.Kd2 Bc6 52.Ke1 Rxe5 53.Kf2 Rbxe3 54.Rxe3 Rf5+

[Event "2. Bundesliga Ost 2008/2009"]
[Site "3-5.10.Bruck,22-23.11.Poechlarn,17-18.1.Wr.Neust,28
[Date "2008.11.22"]
[Round "4"]
[Board "4"]
[White "Fusi, Christoph"]
[Black "Todor, Razvan"]
[Result "1/2-1/2"]
[WhiteElo "2280"]
[BlackElo "2215"]
[PlyCount "24"]
[EventDate "2008.10.03"]
[EventType "team"]
[EventRounds "11"]
[EventCountry "AUT"]
[WhiteTeam "Raiffeisen Waehring"]
[BlackTeam "1. Wr. Neustaedter SV"]

1.e4 d5 2.exd5 Qxd5 3.Nc3 Qd6 4.Nf3 Nf6 5.d4 a6 6.h3 Nbd7 7.Bc4 b5 8.Bb3 Bb7
9.Qe2 e6 10.O-O Be7 11.Ne5 c5 12.Nxd7 Nxd7

[Event "2. Bundesliga Ost 2008/2009"]
[Site "3-5.10.Bruck,22-23.11.Poechlarn,17-18.1.Wr.Neust,28
[Date "2008.11.22"]
[Round "4"]
[Board "5"]
[White "Wiedner, Robert"]
[Black "Zetthofer, Gerald"]
[Result "1-0"]
[WhiteElo "2189"]
[BlackElo "2273"]
[PlyCount "125"]
[EventDate "2008.10.03"]
[EventType "team"]
[EventRounds "11"]
[EventCountry "AUT"]
[WhiteTeam "1. Wr. Neustaedter SV"]
[BlackTeam "Raiffeisen Waehring"]

1.Nf3 d5 2.c4 c6 3.e3 Nf6 4.Nc3 Nbd7 5.cxd5 Nxd5 6.d4 N7f6 7.Bd3 Bg4 8.h3 Bh5
9.Qb3 Qb6 10.Ne5 Qxb3 11.axb3 Nb4 12.Bb1 e6 13.Bd2 a6 14.f4 Rd8 15.g4 Bg6 16.e4
Rxd4 17.f5 Nxe4 18.Nxe4 exf5 19.Nxg6 hxg6 20.gxf5 gxf5 21.Nf2 Bc5 22.Bc3 Rf4
23.Nd3 Nxd3+ 24.Bxd3 O-O 25.O-O-O Re8 26.Rde1 Rd8 27.Bc2 Bb4 28.Rhf1 Bxc3
29.bxc3 Rxf1 30.Rxf1 g6 31.Rf3 Kg7 32.Bd3 Kf6 33.Kd2 c5 34.Ke2 b5 35.Bc2 a5
36.Bd3 Rb8 37.Rf1 b4 38.Ra1 bxc3 39.Bc4 Ke5 40.Bxf7 g5 41.Rxa5 Kd4 42.Ra4+ Rb4
43.Ra7 Ke5 44.Bc4 Rb6 45.Re7+ Kf4 46.Re3 c2 47.Rf3+ Ke4 48.Bd3+ Kd4 49.Bxc2 f4
50.Rd3+ Ke5 51.Kf3 Rf6 52.Kg4 Rf8 53.Rf3 Rg8 54.Bf5 Rg7 55.Rc3 Kd4 56.Rd3+ Ke5
57.Rd8 Rf7 58.Bg6 Rb7 59.Rd3 Kf6 60.Be4 Rb4 61.Bd5 Rb8 62.Bc4 Rf8 63.Rd5

[Event "2. Bundesliga Ost 2008/2009"]
[Site "3-5.10.Bruck,22-23.11.Poechlarn,17-18.1.Wr.Neust,28
[Date "2008.11.22"]
[Round "4"]
[Board "6"]
[White "Sadilek, Peter"]
[Black "Posch, Werner"]
[Result "1-0"]
[WhiteElo "2183"]
[BlackElo "2234"]
[PlyCount "93"]
[EventDate "2008.10.03"]
[EventType "team"]
[EventRounds "11"]
[EventCountry "AUT"]
[WhiteTeam "Raiffeisen Waehring"]
[BlackTeam "1. Wr. Neustaedter SV"]

1.e4 Nf6 2.e5 Nd5 3.d4 d6 4.Nf3 Bg4 5.Be2 e6 6.c4 Nb6 7.O-O Be7 8.h3 Bh5 9.Nc3
O-O 10.Be3 d5 11.c5 Bxf3 12.gxf3 Nc8 13.f4 f5 14.Kh2 Kh8 15.b4 Rg8 16.Rg1 g6
17.Bf3 c6 18.a4 Bf8 19.b5 a5 20.Qb3 Rg7 21.Rab1 Rd7 22.Qc2 Bh6 23.Rg3 Qh4 24.Qd2
Rg7 25.b6 Nd7 26.Ne2 Qd8 27.h4 Ndxb6 28.cxb6 Nxb6 29.Qc2 Nc4 30.Qb3 b5 31.Kg2
Rb8 32.h5 gxh5 33.Rxg7 Bxg7 34.Bxh5 Qg8 35.Kf3 Qd8 36.Ng3 Rb6 37.Rh1 Kg8 38.Qc2
Qe7 39.Nxf5 exf5 40.Qxf5 Rb8 41.axb5 Rf8 42.Qb1 Rb8 43.Bg4 h6 44.Qg6 cxb5
45.Be6+ Kh8 46.Bf7 Qf8 47.f5

[Event "2. Bundesliga Ost 2008/2009"]
[Site "3-5.10.Bruck,22-23.11.Poechlarn,17-18.1.Wr.Neust,28
[Date "2008.11.23"]
[Round "5"]
[Board "2"]
[White "Papp, Gabor"]
[Black "Schneider-Zinner, Harald"]
[Result "1-0"]
[WhiteElo "2509"]
[BlackElo "2394"]
[PlyCount "81"]
[EventDate "2008.10.03"]
[EventType "team"]
[EventRounds "11"]
[EventCountry "AUT"]
[WhiteTeam "ASVOE SK Lackenbach"]
[BlackTeam "Raiffeisen Waehring"]

1.e4 c6 2.d4 d5 3.Nc3 dxe4 4.Nxe4 Bf5 5.Ng3 Bg6 6.h4 h6 7.Nf3 Nd7 8.h5 Bh7 9.Bd3
Bxd3 10.Qxd3 e6 11.Bd2 Ngf6 12.O-O-O Be7 13.Qe2 c5 14.Rhe1 O-O 15.Nf5 Re8
16.Nxe7+ Qxe7 17.d5 Qd6 18.dxe6 Rxe6 19.Be3 Qc6 20.Nh4 Qa4 21.Nf5 Qxa2 22.c3 c4
23.Qf3 Ne5 24.Qxb7 Rae8 25.Nd6 Rxd6 26.Rxd6 Nd3+ 27.Rxd3 cxd3 28.Rd1 Qa1+ 29.Kd2
Qa4 30.b3 Ne4+ 31.Kxd3 Rd8+ 32.Ke2 Nxc3+ 33.Kf3 Qa5 34.Rxd8+ Qxd8 35.g3 a5
36.Kg2 Nd5 37.Bc5 Kh7 38.Qxf7 Nf6 39.Be7 Qa8+ 40.Kg1 Ne4 41.Bf8

[Event "2. Bundesliga Ost 2008/2009"]
[Site "3-5.10.Bruck,22-23.11.Poechlarn,17-18.1.Wr.Neust,28
[Date "2008.11.23"]
[Round "5"]
[Board "3"]
[White "Bawart, Markus"]
[Black "Ranits, Franz"]
[Result "1/2-1/2"]
[WhiteElo "2378"]
[BlackElo "2217"]
[PlyCount "32"]
[EventDate "2008.10.03"]
[EventType "team"]
[EventRounds "11"]
[EventCountry "AUT"]
[WhiteTeam "Raiffeisen Waehring"]
[BlackTeam "ASVOE SK Lackenbach"]

1.Nf3 g6 2.g3 Bg7 3.Bg2 e5 4.e4 d6 5.d4 Nc6 6.d5 Nce7 7.c4 c5 8.dxc6 bxc6 9.Nc3
Nf6 10.O-O O-O 11.Qa4 Be6 12.Rd1 Qc7 13.Bg5 h6 14.Bxf6 Bxf6 15.Rac1 Rad8 16.Rd2
Rd7

[Event "2. Bundesliga Ost 2008/2009"]
[Site "3-5.10.Bruck,22-23.11.Poechlarn,17-18.1.Wr.Neust,28
[Date "2008.11.23"]
[Round "5"]
[Board "4"]
[White "Stranz, Richard"]
[Black "Fusi, Christoph"]
[Result "1/2-1/2"]
[WhiteElo "2253"]
[BlackElo "2280"]
[PlyCount "39"]
[EventDate "2008.10.03"]
[EventType "team"]
[EventRounds "11"]
[EventCountry "AUT"]
[WhiteTeam "ASVOE SK Lackenbach"]
[BlackTeam "Raiffeisen Waehring"]

1.e4 c6 2.d4 d5 3.Nc3 dxe4 4.Nxe4 Nd7 5.Nf3 Ngf6 6.Ned2 e6 7.g3 b6 8.Bg2 Bb7
9.O-O Qc7 10.Nc4 Nd5 11.Re1 Be7 12.Bg5 h6 13.Bxe7 Nxe7 14.Nfe5 O-O 15.Qf3 Rad8
16.Rad1 Ba8 17.Qa3 Nf6 18.Ne3 c5 19.Bxa8 Rxa8 20.f4

[Event "2. Bundesliga Ost 2008/2009"]
[Site "3-5.10.Bruck,22-23.11.Poechlarn,17-18.1.Wr.Neust,28
[Date "2008.11.23"]
[Round "5"]
[Board "5"]
[White "Zetthofer, Gerald"]
[Black "Galavics, Hermann"]
[Result "1/2-1/2"]
[WhiteElo "2273"]
[BlackElo "2017"]
[PlyCount "53"]
[EventDate "2008.10.03"]
[EventType "team"]
[EventRounds "11"]
[EventCountry "AUT"]
[WhiteTeam "Raiffeisen Waehring"]
[BlackTeam "ASVOE SK Lackenbach"]

1.d4 d5 2.c4 c6 3.Nc3 Nf6 4.Nf3 e6 5.e3 Nbd7 6.Bd3 dxc4 7.Bxc4 b5 8.Bd3 Bb7
9.O-O a6 10.e4 c5 11.d5 c4 12.Bc2 Qc7 13.dxe6 fxe6 14.Qe2 Bd6 15.h3 O-O 16.Re1
e5 17.Rd1 Rae8 18.Be3 Bc5 19.b3 Bb4 20.Nd5 Nxd5 21.exd5 Nf6 22.Ng5 Qc8 23.bxc4
bxc4 24.Ba4 Bxd5 25.Bxe8 Rxe8 26.Nxh7 Kxh7 27.Bg5

[Event "2. Bundesliga Ost 2008/2009"]
[Site "3-5.10.Bruck,22-23.11.Poechlarn,17-18.1.Wr.Neust,28
[Date "2008.11.23"]
[Round "5"]
[Board "6"]
[White "Reitgruber, Dietmar"]
[Black "Sadilek, Peter"]
[Result "1/2-1/2"]
[WhiteElo "1961"]
[BlackElo "2183"]
[PlyCount "101"]
[EventDate "2008.10.03"]
[EventType "team"]
[EventRounds "11"]
[EventCountry "AUT"]
[WhiteTeam "ASVOE SK Lackenbach"]
[BlackTeam "Raiffeisen Waehring"]

1.e4 Nc6 2.Nc3 e6 3.g3 Nf6 4.Bg2 d5 5.d3 Bc5 6.exd5 exd5 7.Nge2 O-O 8.O-O Nd4
9.Nxd4 Bxd4 10.Ne2 Bb6 11.d4 Re8 12.c3 Bg4 13.Be3 Qd7 14.Qc2 Bf5 15.Qb3 c6
16.Rfe1 h6 17.Nc1 Ng4 18.Bd2 Rxe1+ 19.Bxe1 Re8 20.Qd1 Qe6 21.Nb3 Nf6 22.Nd2 Bd3
23.Nf3 Be2 24.Qc2 Bc7 25.Bd2 Qe4 26.Ne1 Qxc2 27.Nxc2 Bd3 28.Ne3 Be4 29.f3 Bd3
30.Kf2 g6 31.Re1 Kg7 32.Bf1 Bxf1 33.Nxf1 h5 34.Bg5 Rxe1 35.Bxf6+ Kxf6 36.Kxe1 g5
37.Kf2 Ke6 38.Ne3 f5 39.Ng2 a5 40.Ke3 b6 41.f4 Bd8 42.a4 Be7 43.fxg5 Bxg5+
44.Nf4+ Kd6 45.h4 Bh6 46.Kf3 c5 47.b3 cxd4 48.cxd4 Bg7 49.Ke3 Bh6 50.Kf3 Bg7
51.Nxh5

[Event "2. Bundesliga Ost 2008/2009"]
[Site "3-5.10.Bruck,22-23.11.Poechlarn,17-18.1.Wr.Neust,28
[Date "2008.11.23"]
[Round "5"]
[Board "1"]
[White "Polak, Thomas"]
[Black "Timoscenko, Gennadij"]
[Result "1/2-1/2"]
[WhiteElo "2553"]
[BlackElo "2481"]
[PlyCount "105"]
[EventDate "2008.10.03"]
[EventType "team"]
[EventRounds "11"]
[EventCountry "AUT"]
[WhiteTeam "SV Stockerau"]
[BlackTeam "1. Wr. Neustaedter SV"]

1.d4 d5 2.c4 c6 3.Nc3 Nf6 4.e3 e6 5.Nf3 Nbd7 6.Qc2 Bd6 7.g4 dxc4 8.Bxc4 e5 9.g5
Nd5 10.Ne4 Bc7 11.Bd2 O-O 12.O-O-O exd4 13.Nxd4 Ne5 14.Be2 Bg4 15.Bxg4 Nxg4
16.Rhg1 Ne5 17.f4 Nd7 18.Nf5 Re8 19.Rg3 g6 20.Nh6+ Kf8 21.Nc3 Nb4 22.Qb3 Qe7
23.Kb1 a5 24.a3 Nd3 25.Qc4 Nf2 26.Rf1 Ne4 27.Qxe4 Qxe4+ 28.Nxe4 Rxe4 29.Ng4 Rd8
30.Bc3 b5 31.b3 b4 32.axb4 axb4 33.Bb2 Nc5 34.Nf6 Re6 35.Nxh7+ Ke8 36.Nf6+ Ke7
37.Kc2 Red6 38.Rg2 Ra8 39.Ra1 Rxa1 40.Bxa1 Rd8 41.h4 Ke6 42.Bd4 Nb7 43.h5 gxh5
44.Nxh5 Kf5 45.Bf6 Rd5 46.Bd4 Rd8 47.g6 fxg6 48.Ng7+ Ke4 49.Ne6 Rc8 50.Rxg6 c5
51.Bb2 Bb8 52.Rg3 Na5 53.Ng5+

[Event "2. Bundesliga Ost 2008/2009"]
[Site "3-5.10.Bruck,22-23.11.Poechlarn,17-18.1.Wr.Neust,28
[Date "2008.11.23"]
[Round "5"]
[Board "2"]
[White "Ligezinski, Martin"]
[Black "Chytilek, Roman"]
[Result "0-1"]
[WhiteElo "2203"]
[BlackElo "2394"]
[PlyCount "71"]
[EventDate "2008.10.03"]
[EventType "team"]
[EventRounds "11"]
[EventCountry "AUT"]
[WhiteTeam "1. Wr. Neustaedter SV"]
[BlackTeam "SV Stockerau"]

1.d4 Nf6 2.Nf3 c5 3.e3 g6 4.b3 Bg7 5.Bb2 O-O 6.Nbd2 cxd4 7.exd4 Nc6 8.g3 d6
9.Bg2 Bf5 10.a3 Qd7 11.O-O Bg4 12.Nc4 Nd5 13.Re1 b5 14.Ne3 Nxe3 15.Rxe3 d5
16.Qd3 Bxf3 17.Bxf3 Rab8 18.c3 e6 19.b4 Ne7 20.Ree1 Nf5 21.a4 a6 22.axb5 axb5
23.Ra6 Bh6 24.Rea1 Nd6 25.Bc1 Bxc1 26.Rxc1 Rfc8 27.Qd2 Ra8 28.Rca1 Qb7 29.Qa2
Rxa6 30.Qxa6 Qc7 31.Ra3 Nc4 32.Ra2 Rb8 33.Be2 Nd6 34.Ra3 Ne4 35.Bxb5 Nxc3 36.Ra5

[Event "2. Bundesliga Ost 2008/2009"]
[Site "3-5.10.Bruck,22-23.11.Poechlarn,17-18.1.Wr.Neust,28
[Date "2008.11.23"]
[Round "5"]
[Board "3"]
[White "Groetz, Harald"]
[Black "Steiner, Adam"]
[Result "1-0"]
[WhiteElo "2376"]
[BlackElo "2212"]
[PlyCount "80"]
[EventDate "2008.10.03"]
[EventType "team"]
[EventRounds "11"]
[EventCountry "AUT"]
[WhiteTeam "SV Stockerau"]
[BlackTeam "1. Wr. Neustaedter SV"]

1.e4 c5 2.Nf3 d6 3.d4 cxd4 4.Nxd4 Nf6 5.Nc3 g6 6.Bc4 Bg7 7.O-O O-O 8.Re1 Nc6
9.Bb3 Bd7 10.Bg5 Nxd4 11.Qxd4 Bc6 12.Qd2 Re8 13.Nd5 e6 14.Nb4 Qc7 15.Nxc6 Qxc6
16.f3 Nd7 17.c3 Nc5 18.Bd1 f6 19.Be3 Rad8 20.c4 e5 21.b4 Ne6 22.Bb3 Kh8 23.Red1
f5 24.Qd5 Nd4 25.Qxc6 bxc6 26.Ba4 Ne2+ 27.Kf2 Nc3 28.Bxc6 Nxd1+ 29.Rxd1 Re7
30.Bg5 Rc7 31.Bxd8 Rxc6 32.c5 Bf8 33.cxd6 Bxd6 34.b5 Bc5+ 35.Ke2 Re6 36.Rd7 f4
37.Kd3 Bd4 38.Kc4 Kg8 39.Kd5 Re8 40.Bf6 Ra8